Nalaganje...
Production and operations management
| Glavni avtor: | |
|---|---|
| Format: | Printed Book |
| Izdano: |
New Delhi
New age international pvt.
|
| Izdaja: | 2 |
| LEADER | 00508nam a22001577a 4500 | ||
|---|---|---|---|
| 003 | OSt | ||
| 020 | |a 9788122421774 | ||
| 082 | |a 658.5 |b ANI/PR | ||
| 100 | |a Anil Kumar ,S | ||
| 245 | |a Production and operations management | ||
| 250 | |a 2 | ||
| 260 | |a New Delhi |b New age international pvt. | ||
| 300 | |a 271p. | ||
| 942 | |2 ddc |c BK | ||
| 999 | |c 190602 |d 190602 | ||
| 952 | |0 0 |1 0 |2 ddc |4 0 |6 658_500000000000000_ANI_PR |7 0 |8 NFIC |9 196880 |a KAUCBV |b KAUCBV |c CHILD |d 2017-12-05 |g 175.00 |l 1 |o 658.5 ANI/PR |r 2019-05-27 |s 2019-05-23 |w 2017-12-05 |y BK | ||